| 000 | 00578nam a2200193Ia 4500 | ||
|---|---|---|---|
| 003 | ARRUPE | ||
| 005 | 20170116085142.0 | ||
| 008 | 130303s9999 xx 000 0 und d | ||
| 040 | _cARRUPELIB | ||
| 050 | _aBS1345.3M996 | ||
| 100 |
_aMyers , Jacob M. _928137 |
||
| 245 |
_aI Chronicles _bintroduction , translation and notes _cby Myers , Jacob M |
||
| 260 |
_aNew york _bDoubleday & Co. _c1974 |
||
| 300 |
_axciv, 239p.; _c24cm. |
||
| 300 | _b | ||
| 650 |
_aBIBLE OT. Chronicles _xCommentaries _928369 |
||
| 700 |
_aMyers , Jacob M. _928137 |
||
| 942 |
_2lcc _cMONOGRAPH |
||
| 999 |
_c39728 _d39728 |
||